Представление документа в формате RUSMARC

ПолеНазваниеЗначение
  Тип записи a
  Библиографический уровень c
001 Контрольный номер RU/SLIB/B/208716157
005 Дата корректировки 20201206203929.1
010 Индекс ISBN __
d Цена 0-03
101 Язык документа __
a Язык текста rus
200 Заглавие и сведения об ответственности 0_
a Заглавие Закон Союза Советских Социалистических Республик: Об охране и использовании памятников истории и культуры
e Сведения, относящиеся к заглавию Принят Верховным Советом СССР 29 окт. 1976 года
b Общее обозначение материала Текст
210 Выходные данные __
a Место издания М.
c Издательство Известия
d Дата издания 1976
215 Физическое описание __
a Объем 16 с.
606 Тематические рубрики __
a Основная рубрика Право
z Хронологическая подрубрика 1976 г.; 20 в.
606 Тематические рубрики __
a Основная рубрика Управление социально-культурной сферой
606 Тематические рубрики __
y Географическая подрубрика СССР
610 Ключевые слова __
a Ключевые слова охрана памятников; исторические памятники
686 Индексы других классификаций __
a Классификационный индекс 67.401.122(2)-32
686 Индексы других классификаций __
a Классификационный индекс 63.3(2)л6
801 Источник записи _0
a Страна RU
b Организация Муниципальное бюджетное учреждение культуры "Централизованная библиотечная система" г. Сургут (Центральная городская библиотека им. А. С. Пушкина)
801 Источник записи _1
a Страна RU
b Организация Муниципальное бюджетное учреждение культуры "Централизованная библиотечная система" г. Сургут (Центральная городская библиотека им. А. С. Пушкина)
852 Данные о местонахождении __
j Шифр хранения 67.401.122(2)-32
c Каталожный индекс 67.401(2)-3; 63.3(2)л6
i Авторский знак З 19
p Инвентарный номер 64850(с)
901 Тип документа __
t Тип документа x
969 Тип издания __
a Тип издания сборник
990 Данные о заказе (DOS) __
j Количество экземпляров (DOS) 1